| 000 | 01528nam0a22003011 4500 | ||
|---|---|---|---|
| 001 | rc\2227655 | ||
| 005 | 20250623065008.0 | ||
| 035 | _a(NLR Aleph) 006645885 | ||
| 090 |
_a4742809 _c4742809 |
||
| 100 | _a20110829d1979 |||y0rusy50 ca | ||
| 101 | 0 | _arus | |
| 102 | _aRU | ||
| 105 | _aa z ||||| | ||
| 200 | 1 | _aСравнительный анализ производительности труда на лесозаготовках Швеции и объединения Кареллеспром | |
| 210 |
_aМосква _cВНИПИЭИлеспром _d1979 |
||
| 215 |
_a40 с. _cил. _d22 |
||
| 225 | 1 |
_aЭкономика и управление в лесной, целлюлозно-бумажной и деревообрабатывающей промышленности _eОбзор. информ. _fВсесоюз. н.-и. и проект. ин-т экономики, орг. упр. пр-вом и информ. по лесн., целлюлоз.-бум. и деревообраб. пром-сти _vВып. 13 |
|
| 300 | _aАвт. указаны на 2-й с. обл. | ||
| 300 | _aВ надзаг. также: М-во лесн. и деревообраб. пром-сти | ||
| 320 | _aБиблиогр.: с. 40 | ||
| 700 | 1 |
_aТелегин _bН.П. _gНиколай Павлович |
|
| 701 | 1 |
_aПочинков _bС.В. _gСергей Васильевич |
|
| 801 | 0 |
_aRU _bNLR _gpsbo |
|
| 801 | 1 |
_aRU _bELAR _2rusmarc |
|
| 852 |
_aNLR _jП22/4752 |
||
| 899 |
_aRuMoRGB _jXXV 78/40 |
||
| 942 | _cBOOK | ||
| 980 | _aNB | ||